Knots, splices and fancy work
Salvato in:
| Autore principale: | |
|---|---|
| Natura: | Libro |
| Lingua: | inglese |
| Pubblicazione: |
Glasgow
Brown-Ferguson
1956
|
| Edizione: | 5a. ed |
| Soggetti: | |
| Tags: |
Aggiungi Tag
Nessun Tag, puoi essere il primo ad aggiungerne!!
|
MARC
| LEADER | 00000nam a2200000 a 4500 | ||
|---|---|---|---|
| 001 | UCX9295 | ||
| 003 | CL-VaPUC | ||
| 008 | 940530e19560000UK |||||||||||||||||eng|d | ||
| 082 | 0 | 4 | |a 623.8882 |b SPE |2 21 |
| 100 | 0 | |a Spencer, Chas L |e author |9 326678 | |
| 245 | 1 | 0 | |a Knots, splices and fancy work |
| 250 | |a 5a. ed | ||
| 300 | |a 211 p | ||
| 942 | |c BK | ||
| 945 | |d 19940530 00:00:00 |a mfernand | ||
| 260 | |a Glasgow |b Brown-Ferguson |c 1956 | ||
| 650 | 0 | |a Nudos |9 325083 | |
| 583 | |a last modification |c 19940530 00:00:00 |k Rodrigo Vera | ||
| 999 | |c 228579 |d 228577 | ||